Statistiken für Alle Niederländische Gemeinden und Städte auf einer Karte

Klicken Sie hier um das Quiz zu spielen!

Allgemein

  • Dieses Quiz wurde 5 mal gespielt
  • Das Durchschnittsergebnis liegt bei 24 aus 355

Antworten auf der Karte

Die Antworten werden auf der Karte rot bzw. grün angezeigt, abhängig davon wie oft sie richtig erraten wurden.
 

Antwortstatistiken

Antwort% Korrekt
Amsterdam
100%
Groningen
100%
Midden-Groningen
100%
Utrecht
100%
Arnhem
80%
Eindhoven
80%
Enschede
80%
Maastricht
80%
Peel en Maas
80%
Rotterdam
80%
's-Gravenhage
80%
's-Hertogenbosch
80%
Tilburg
80%
Venlo
80%
Alkmaar
60%
Almere
60%
Apeldoorn
60%
Haarlem
60%
Kerkrade
60%
Zwolle
60%
Breda
40%
Deventer
40%
Dordrecht
40%
Edam-Volendam
40%
Heerlen
40%
Hengelo
40%
Hilversum
40%
Leeuwarden
40%
Midden-Drenthe
40%
Nijmegen
40%
Sittard-Geleen
40%
Texel
40%
Zandvoort
40%
Amersfoort
20%
Assen
20%
Delft
20%
Eijsden-Margraten
20%
Heerenveen
20%
Hellevoetsluis
20%
Hoorn
20%
Landgraaf
20%
Leiden
20%
Middelburg
20%
Roermond
20%
Terschelling
20%
Vaals
20%
Valkenburg aan de
Geul
20%
Waalwijk
20%
Zoetermeer
20%
Aa en Hunze
0%
Aalsmeer
0%
Aalten
0%
Achtkarspelen
0%
Alblasserdam
0%
Albrandswaard
0%
Almelo
0%
Alphen aan den Rijn
0%
Alphen-Chaam
0%
Altena
0%
Ameland
0%
Amstelveen
0%
Appingedam
0%
Asten
0%
Baarle-Nassau
0%
Baarn
0%
Barendrecht
0%
Barneveld
0%
Beek
0%
Beekdaelen
0%
Beemster
0%
Beesel
0%
Bergeijk
0%
Bergen
0%
Berg en Dal
0%
Bergen op Zoom
0%
Berkelland
0%
Bernheze
0%
Best
0%
Beuningen
0%
Beverwijk
0%
Bladel
0%
Blaricum
0%
Bloemendaal
0%
Bodegraven-Reeuwijk
0%
Boekel
0%
Borger-Odoorn
0%
Borne
0%
Borsele
0%
Boxmeer
0%
Boxtel
0%
Brielle
0%
Bronckhorst
0%
Brummen
0%
Brunssum
0%
Bunnik
0%
Bunschoten
0%
Buren
0%
Capelle aan den
IJssel
0%
Castricum
0%
Coevorden
0%
Cranendonck
0%
Cuijk
0%
Culemborg
0%
Dalfsen
0%
Dantumadiel
0%
De Bilt
0%
De Fryske Marren
0%
Delfzijl
0%
Den Helder
0%
De Ronde Venen
0%
Deurne
0%
De Wolden
0%
Diemen
0%
Dinkelland
0%
Doesburg
0%
Doetinchem
0%
Dongen
0%
Drechterland
0%
Drimmelen
0%
Dronten
0%
Druten
0%
Duiven
0%
Echt-Susteren
0%
Ede
0%
Eemnes
0%
Eersel
0%
Elburg
0%
Emmen
0%
Enkhuizen
0%
Epe
0%
Ermelo
0%
Etten-Leur
0%
Geertruidenberg
0%
Geldrop-Mierlo
0%
Gemert-Bakel
0%
Gennep
0%
Gilze en Rijen
0%
Goeree-Overflakkee
0%
Goes
0%
Goirle
0%
Gooise Meren
0%
Gorinchem
0%
Gouda
0%
Grave
0%
Gulpen-Wittem
0%
Haaksbergen
0%
Haaren
0%
Haarlemmermeer
0%
Halderberge
0%
Hardenberg
0%
Harderwijk
0%
Hardinxveld-
Giessendam
0%
Harlingen
0%
Hattem
0%
Heemskerk
0%
Heemstede
0%
Heerde
0%
Heerhugowaard
0%
Heeze-Leende
0%
Heiloo
0%
Hellendoorn
0%
Helmond
0%
Hendrik-Ido-Ambacht
0%
Het Hogeland
0%
Heumen
0%
Heusden
0%
Hillegom
0%
Hilvarenbeek
0%
Hoeksche Waard
0%
Hof van Twente
0%
Hollands Kroon
0%
Hoogeveen
0%
Horst aan de Maas
0%
Houten
0%
Huizen
0%
Hulst
0%
IJsselstein
0%
Kaag en Braassem
0%
Kampen
0%
Kapelle
0%
Katwijk
0%
Koggenland
0%
Krimpen aan den
IJssel
0%
Krimpenerwaard
0%
Laarbeek
0%
Landerd
0%
Landsmeer
0%
Langedijk
0%
Lansingerland
0%
Laren
0%
Leiderdorp
0%
Leidschendam-
Voorburg
0%
Lelystad
0%
Leudal
0%
Leusden
0%
Lingewaard
0%
Lisse
0%
Lochem
0%
Loon op Zand
0%
Lopik
0%
Loppersum
0%
Losser
0%
Maasdriel
0%
Maasgouw
0%
Maassluis
0%
Medemblik
0%
Meerssen
0%
Meierijstad
0%
Meppel
0%
Midden-Delfland
0%
Mill en Sint Hubert
0%
Moerdijk
0%
Molenlanden
0%
Montferland
0%
Montfoort
0%
Mook en Middelaar
0%
Neder-Betuwe
0%
Nederweert
0%
Nieuwegein
0%
Nieuwkoop
0%
Nijkerk
0%
Nissewaard
0%
Noardeast-Fryslân
0%
Noord-Beveland
0%
Noordenveld
0%
Noordoostpolder
0%
Noordwijk
0%
Nuenen, Gerwen
en Nederwetten
0%
Nunspeet
0%
Oegstgeest
0%
Oirschot
0%
Oisterwijk
0%
Oldambt
0%
Oldebroek
0%
Oldenzaal
0%
Olst-Wijhe
0%
Ommen
0%
Oosterhout
0%
Oost Gelre
0%
Ooststellingwerf
0%
Oostzaan
0%
Opmeer
0%
Opsterland
0%
Oss
0%
Oude IJsselstreek
0%
Ouder-Amstel
0%
Oudewater
0%
Overbetuwe
0%
Papendrecht
0%
Pekela
0%
Pijnacker-Nootdorp
0%
Purmerend
0%
Putten
0%
Raalte
0%
Reimerswaal
0%
Renkum
0%
Renswoude
0%
Reusel-De Mierden
0%
Rheden
0%
Rhenen
0%
Ridderkerk
0%
Rijssen-Holten
0%
Rijswijk
0%
Roerdalen
0%
Roosendaal
0%
Rozendaal
0%
Rucphen
0%
Schagen
0%
Scherpenzeel
0%
Schiedam
0%
Schiermonnikoog
0%
Schouwen-Duiveland
0%
Simpelveld
0%
Sint Anthonis
0%
Sint-Michielsgestel
0%
Sliedrecht
0%
Sluis
0%
Smallingerland
0%
Soest
0%
Someren
0%
Son en Breugel
0%
Stadskanaal
0%
Staphorst
0%
Stede Broec
0%
Steenbergen
0%
Steenwijkerland
0%
Stein
0%
Stichtse Vecht
0%
Súdwest-Fryslân
0%
Terneuzen
0%
Teylingen
0%
Tholen
0%
Tiel
0%
Tubbergen
0%
Twenterand
0%
Tynaarlo
0%
Tytsjerksteradiel
0%
Uden
0%
Uitgeest
0%
Uithoorn
0%
Urk
0%
Utrechtse Heuvelrug
0%
Valkenswaard
0%
Veendam
0%
Veenendaal
0%
Veere
0%
Veldhoven
0%
Velsen
0%
Venray
0%
Vijfheerenlanden
0%
Vlaardingen
0%
Vlieland
0%
Vlissingen
0%
Voerendaal
0%
Voorschoten
0%
Voorst
0%
Vught
0%
Waadhoeke
0%
Waalre
0%
Waddinxveen
0%
Wageningen
0%
Wassenaar
0%
Waterland
0%
Weert
0%
Weesp
0%
West Betuwe
0%
Westerkwartier
0%
Westerveld
0%
Westervoort
0%
Westerwolde
0%
Westland
0%
West Maas en Waal
0%
Weststellingwerf
0%
Westvoorne
0%
Wierden
0%
Wijchen
0%
Wijdemeren
0%
Wijk bij Duurstede
0%
Winterswijk
0%
Woensdrecht
0%
Woerden
0%
Wormerland
0%
Woudenberg
0%
Zaanstad
0%
Zaltbommel
0%
Zeewolde
0%
Zeist
0%
Zevenaar
0%
Zoeterwoude
0%
Zuidplas
0%
Zundert
0%
Zutphen
0%
Zwartewaterland
0%
Zwijndrecht
0%

Verteilung der Resultate

Perzentil nach korrekt beantworteten Fragen

Anzahl Personen mit jedem Resultat

Ihre Resultats-Entwicklung

Sie haben dieses Quiz noch nicht gespielt